000 00668nam a2200253Ia 4500
003 OSt
005 20220925212424.0
006 a|||||r|||| 00| 0
007 ta
008 220923b |||||||| |||| 00| 0 eng d
020 _a0 04 335035 6
037 _cGeneral Book
040 _aRTL
_cRTL
_beng
041 _2eng
_aeng
082 _aX.58.N7, L7
100 _aNove Alec
_9121975
245 0 _aSoviet economic system
260 _aLondon
_bAllen & Unwin
_c1977
300 _a.
_ccm.
500 _aBibliography: P 380-90
650 _aEconomic Condition Russia
942 _hX.58.N7, L7
_cGB
_2CC
999 _c560289
_d560289